| 000 | 00363nam a22001457a 4500 | ||
|---|---|---|---|
| 020 | _a978-81-24-5000-3 | ||
| 082 |
_a823 _bVAS/T |
||
| 100 | _aVASWANI, ANJANA | ||
| 245 |
_aTHE TALKING HANDKERCHIEF _bFOLKTALES |
||
| 246 |
_aTHE TALKING HANDKERCHIEF _bFOLKTALES |
||
| 260 |
_aKOTTAYAM _bDC BOOKS _c2018 |
||
| 520 | _aFOLK TALES | ||
| 650 | _aFOLK TALES | ||
| 942 | _cBK | ||
| 999 |
_c2855 _d2855 |
||